000
00308nam a22001337a 4500
008
230627b xxu||||| |||| 00| 0 eng d
020
_a
0706924010
082
_a
336
_b
BHA
100
_c
H L Bhatia
245
_a
Public Finance
260
_b
Publishing House PVT LTD
_c
1976
300
_a
624p
942
_2
ddc
_c
BK
999
_c
2895
_d
2895